Statistics for How To Say Thank You In Different Languages

Click here to take the quiz!

General Stats

  • This quiz has been taken 170 times
  • The average score is 11 of 17

Answer Stats

HintAnswer% Correct
thank youEnglish
95%
graciasSpanish
95%
merciFrench
93%
dankeGerman
91%
grazieItalian
90%
arigatoJapanese
85%
obrigadoPortuguese
72%
spasiboRussian
72%
shukranArabic
66%
xie xieMandarin Chinese
64%
dziekujePolish
56%
tackSwedish
51%
takDanish
44%
kiitosFinnish
37%
kamsa hamnidaKorean
34%
asanteSwahili
21%
todaHebrew
19%

Score Distribution

Percentile by Number Answered

Percent of People with Each Score

Your Score History

You have not taken this quiz